| 000 | 00651nam a2200205Ia 4500 | ||
|---|---|---|---|
| 003 | OSt | ||
| 005 | 20250714093605.0 | ||
| 008 | 210210b1995 xxu||||| |||| 00| 0 eng d | ||
| 040 | _cAL | ||
| 041 | _aKannada | ||
| 082 | _aK494.8 RAJK | ||
| 100 |
_aRAJAGOPALACHARYA (M). _dರಾಜಗೋಪಾಲಾಚಾರ್ಯ (ಎಂ) _9218518 |
||
| 245 |
_aKannadada vagrudhigalu. _bಕನ್ನಡದ ವಾಗ್ರೂಢಿಗಳು |
||
| 260 |
_aUdupi _bRashtrakavi Govind Pai Samshodhana Kendra _c1995 |
||
| 300 | _axvii,244 | ||
| 650 |
_aKannada usage Vagrudhigalu _9218519 |
||
| 690 |
_aKannada Language _9218520 |
||
| 906 | _a050765 | ||
| 942 |
_2ddc _cBK |
||
| 999 |
_c99053 _d99053 |
||